دراسة صناعة السيارات في مصر لعام 2007 قطاع خاص و 2006/2007 قطاع عام / اعمال عام.

يتناول الميزان الغذائي الحسابات الخاصة بإستهلاك مجموعات السلع الغذائية مع بيان مساهمة الإنتاج المحلي والتجارة الخارجية وصافي المخزون في توفير المتاح للإستهلاك منها وتوزيعه علي مختلف الإستخدامات....

全面介绍

Saved in:
书目详细资料
企业作者: مصر. الجهاز المركزي للتعبئة العامة والإحصاء
格式: 序列
语言:阿拉伯语
出版: القاهرة : الجهاز المركزي للتعبئة العامة والإحصاء.
主题:
标签: 添加标签
没有标签, 成为第一个标记此记录!

MARC

LEADER 00000nas a2200000 4500
003 INP
005 20181014123712.0
008 180210s2015 ua |||||r|||| 00| 0 ara d
952 |0 0  |1 0  |4 0  |6 338_476292220000000_د_ر_2006_2007  |7 0  |8 نشرات التع  |9 17341  |a INP  |b INP  |c JOUR  |d 2018-10-14  |l 0  |o 338.47629222 د ر 2006/2007  |p 017899  |r 2022-03-28 00:00:00  |w 2018-10-14  |y REP 
999 |c 15261  |d 15261 
040 |a EG-INP  |b ara  |c EG-INP 
082 0 4 |2 21  |b د ر 2006/2007  |a 338.47629222 
130 0 |a دراسة الميزان الغذائي بجمهورية مصر العربية (2015).  |n العدد 25 
245 1 0 |a دراسة صناعة السيارات في مصر لعام 2007 قطاع خاص و 2006/2007 قطاع عام / اعمال عام. 
260 |a القاهرة :   |b الجهاز المركزي للتعبئة العامة والإحصاء. 
300 |a 15 ص. ؛   |c 29 سم. 
310 |a سنوي 
500 |a مرجع رقم 2009-14124-80 
500 |a إصدار فبراير عام 2009 
500 |a بني الوصف على عام 2006/2007. 
520 |a يتناول الميزان الغذائي الحسابات الخاصة بإستهلاك مجموعات السلع الغذائية مع بيان مساهمة الإنتاج المحلي والتجارة الخارجية وصافي المخزون في توفير المتاح للإستهلاك منها وتوزيعه علي مختلف الإستخدامات. 
650 7 |2 qrmak  |a الصناعة. 
650 7 |2 qrmak  |a صناعة السيارات.  |z . 
651 |2 qrmak  |a السيارات. 
710 2 |a مصر. الجهاز المركزي للتعبئة العامة والإحصاء. 
901 |a EGPV30 
903 |a original 
942 |2 ddc  |c REP